000 00506nmm a2200169Ia 4500
008 251105s9999||||xx |||||||||||||||||und||
020 _a9789562828949
041 _aspa
100 _aGrez Toso, Sergio
245 0 _aLos anarquistas y el movimiento obrero
264 _a[Santiago de Chile, Chile] :
_bLOM Ediciones,
_c2007
300 _a436 páginas
490 _aHistoria
650 _aHistory of the Americas: Latin America
856 _uhttps://public.digitaliapublishing.com/a/13229
942 _cCF
999 _c94320
_d94320